Statistics for Bassnectar Songs

Click here to take the quiz!

General Stats

  • This quiz has been taken 33 times
    (25 since last reset)
  • The average score is 68 of 186

Answer Stats

Album Song % Correct
FreestyleFreestyle
100%
Cozza FrenzyCozza Frenzy (Mega-Bass Remix)
100%
Cozza FrenzyCozza Frenzy
100%
Into the SunInto the Sun
100%
WildstyleWildstyle Method
100%
Take You DownTake You Down (West Coast Lo Fi Remix)
92%
TimestretchBass Head
92%
Take You DownTake You Down
92%
TimestretchBass Head (MRK1 Remix)
92%
TimestretchBass Head (SPL Remix)
92%
TimestretchTimestretch (West Coast Lo-Fi Remix)
92%
TimestretchTimestretch
92%
Noise vs. BeautyNoise
92%
Va Va VoomVa Va Voom
92%
FreestyleEgo Killer (Bassnectar & Timeline Remix)
83%
WildstyleFalling
83%
Cozza FrenzyTeleport Massive
83%
Divergent SpectrumThe Matrix
83%
Underground CommunicationYo
75%
Va Va VoomWhat
75%
Noise vs. BeautyF.U.N.
75%
Va Va VoomButterfly
75%
Noise vs. BeautyNow
75%
Into the SunSpeakerbox
75%
Mesmerizing the UltraParade into Centuries
75%
Divergent SpectrumParade into Centuries (2011 Version)
75%
Divergent SpectrumVoodoo
75%
Divergent SpectrumHeads Up (2011 Version)
67%
Take You DownRaw Charles
67%
FreestyleInfinite
67%
FreestyleHuman (Bassnectar Remixxx)
67%
Divergent SpectrumRed Step
67%
WildstyleThe 808 Track
67%
Divergent SpectrumAbove and Beyond
67%
Mesmerizing the UltraBlow
67%
Divergent SpectrumPaging Stereophonic
67%
Noise vs. BeautyYou & Me
67%
Va Va VoomEmpathy
67%
TimestretchHere We Go
67%
Underground CommunicationUnderground Communication
67%
Va Va VoomPennywise Tribute
67%
Noise vs. BeautyFlash Back
67%
Noise vs. BeautyThe Future
58%
Motions of MutationSo Butterfly
58%
Noise vs. BeautySo Butterfly (2014 Version)
58%
Cozza FrenzyBoombox (Bassnectar & ill.Gates Remix)
58%
Take You DownExpanded
58%
Noise vs. BeautyDon't Hate the 808
58%
FreestyleBreathless
58%
Va Va VoomPing Pong
58%
Into the SunGenerate
58%
Into the SunScience Fiction
58%
WildstyleUnderwater
58%
Cozza FrenzyBoombox
58%
Divergent SpectrumUpside Down
50%
Mesmerizing the UltraMesmerizing the Ultra
50%
TimestretchBlast Off
50%
Noise vs. BeautyHold On
50%
Noise vs. BeautyEphemeral
50%
Divergent SpectrumProbable Cause
50%
Into the SunChasing Heaven
50%
Noise vs. BeautyLoco Ono
50%
Divergent SpectrumLights (Bassnectar Remix)
50%
Cozza FrenzyThe Churn of the Centurty
50%
FreestyleHologram
50%
Cozza FrenzyBackpack Rehab
50%
Cozza FrenzyWindow Seat
50%
Take You DownColorstorm
50%
Into the SunOne Thing (Bassnectar Remix)
42%
Divergent SpectrumPlugged In (Bassnectar Remix)
42%
Underground CommunicationSelect Frequency
42%
Noise vs. BeautyOpen Up
42%
Freakbeat for the Beatfreaks8
42%
Va Va VoomUgly
42%
Va Va VoomNothing Has Been Broken
42%
Divergent SpectrumImmigraniada (Bassnectar Remix)
42%
Into the SunThe Mystery Spot
42%
Noise vs. BeautyLost in the Crowd
42%
Mesmerizing the UltraLeprechauns Arise
42%
Divergent SoectrumAfter Thought
42%
Noise vs. BeautyGnar
42%
Divergent SpectrumBoomerang
42%
Into the SunNo Way (Bassnectar Remix)
42%
Divergent SpectrumDisintegration Part IV
33%
Underground CommunicationRidiculous Wobble
33%
Noise vs. BeautyMystery Song
33%
Underground CommunicationBomb Tha Blocks
33%
Into the SunDubuasca [2015 Version]
33%
Va Va VoomLaughter Crescendo (2012 Version)
33%
Underground CommunicationStomp
33%
Cozza FrenzyWhen I Grow Up (Bassnectar Remix)
33%
Diverse Systems of ThrobDubuasca
33%
Cozza FrenzyAre You Ready
33%
Cozza FrenzyLove Here (Bassnectar Remix)
33%
WildstyleFun With Synthesizers
33%
TimestretchMaximum
33%
Cozza FrenzyI am a Laser
33%
Diverse Systems of ThrobLaughter Crescendo
33%
Freakbeat for the Beatfreaks13
25%
Into the SunRose Colored Bass (Bassnectar Remix)
25%
Beatfreak BohemiaDelamure
25%
Freakbeat for the Beatfreaks15
25%
Freakbeat for the Beatfreaks14
25%
Freakbeat for the Beatfreaks11
25%
Freakbeat for the Beatfreaks12
25%
Into the SunSommarfÄgel (Bassnectar Remix)
25%
Freakbeat for the Beatfreaks10
25%
Freakbeat for the Beatfreaks9
25%
Freakbeat for the Beatfreaks7
25%
Freakbeat for the Beatfreaks5
25%
Freakbeat for the Beatfreaks4
25%
Freakbeat for the Beatfreaks3
25%
Freakbeat for the Beatfreaks2
25%
Freakbeat for the Beatfreaks1
25%
Freakbeat for the Beatfreaks6
25%
Into the SunEnter the Chamber [2015 Version]
25%
Underground CommunicationKyrian Bee Bop
25%
Mesmerizing the UltraSome Sing (Bassnectar Remix)
25%
Mesmerizing the UltraEnter the Chamber
25%
WildstyleHot Right Now (Bassnectar Remix)
25%
Mesmerizing the UltraBursting
25%
Underground CommunicationVerbing the Noun
25%
Va Va VoomDo It Like This
25%
WildstyleEncore
17%
Mesmerizing the UltraUntil Next Time
17%
Into the SunSideways
17%
Mesmerizing the UltraInaugural Day Beatdown
17%
Into the SunBreathing [2015 Version]
17%
Diverse Systems of ThrobBreathing
17%
Diverse Systems of ThrobSkin
17%
Underground CommunicationAmorphous Form
17%
Underground CommunicationKick It Complex (Bassnectar Remix)
17%
Underground CommunicationKick It Complex
17%
Mesmerizing the UltraBlue State Riddim
17%
Underground CommunicationFSOSF
17%
Cozza FrenzyWest Coast Lo-Fi Rides Again
17%
Mesmerizing the UltraIn the Beginning
8%
Cozza FrenzyI Wish I Was a Hipster
8%
Mesmerizing the UltraEverybody
8%
Motions of MutationTaurine Thruster
8%
Mesmerizing the UltraEverybody (Bassnectar & FreQ Nasty Remix)
8%
Mesmerizing the UltraAgent Squish
8%
Underground CommunicationI Am Back (Bassnectar Remix)
8%
Into the SunBlow [2015 Version]
8%
Diverse Systems of ThrobPleasure the Bassnympho
8%
Diverse Systems of ThrobSimultaneous
8%
Va Va VoomChronological Outtakes
8%
Diverse Systems of ThrobDorfex Bos (Bassnectar Remix)
8%
Beatfreak BohemiaGrampa Slams
8%
Underground CommunicationCarried Away
8%
Underground CommunicationImpossible and Overwhelming
8%
Motions of MutationUdu Shuffle
0%
Motions of MutationSisters of 7 (Bassnectar Remix)
0%
Motions of MutationNot in Our Name (Bassnectar Mix)
0%
Mesmerizing the UltraThe Sound
0%
Motions of MutationDon't Give Up Now (Bassnectar Remix)
0%
Motions of MutationVerbal (Bushdoctor'z Pirate Edit)
0%
Into the SunDorfex Bos (Bassnectar Remix) [2015 Version]
0%
Cozza FrenzyBefore We Dissolve
0%
Motions of MutationRelease (Bu$hdoctor Remix)
0%
Beatfreak BohemiaJump
0%
Beatfreak BohemiaTo the Hip
0%
Beatfreak BohemiaThe Only Solution
0%
Diverse Systems of ThrobNostalgia Worship
0%
Diverse Systems of ThrobZealots Slow Down (Bassnectar Remix)
0%
Diverse Systems of ThrobARF (Bassnectar Remix)
0%
Diverse Systems of ThrobSegg Weigh
0%
Diverse Systems of ThrobCreation Lullaby
0%
Diverse Systems of ThrobThe Wicked Twitch of the West
0%
Diverse Systems of ThrobReplenish
0%
Mesmerizing the UltraInterpret
0%
Beatfreak BohemiaShel Silverstien
0%
Beatfreak BohemiaSlo Monster
0%
Beatfreak BohemiaFlat Beat
0%
Beatfreak BohemiaRepresent
0%
Beatfreak BohemiaGramma Jams
0%
Beatfreak BohemiaLivin' for Kicks
0%
Underground CommunicationAlkher Illa Doffor (Bassnectar Remix)
0%
Beatfreak BohemiaWho Are You?
0%
Beatfreak BohemiaClose Your Eyes
0%
Mesmerizing the UltraForce of Suction
0%
Beatfreak BohemiaBoozey
0%
Beatfreak BohemiaGunshot
0%
Beatfreak BohemiaThe Swindle
0%
Beatfreak BohemiaParty Poopers
0%
Diverse Systems of ThrobEnthusiasm is Contagious
0%

Score Distribution

Percentile by Number Answered

Percent of People with Each Score

Your Score History

You have not taken this quiz since the last reset